000 00678nam a2200217Ia 4500
008 191130s1994##################000#0#eng##
020 _a9780198266600
022 _a93036971
040 _aACL
_cACL
082 _a230 CAI
100 _aCaird, G. B
245 _aNew Testament theology
_cG.B. Caird ; completed and edited by L.D. Hurst
260 _aOxford
_bClarendon Press ; Oxford University Press
_c1994
300 _axix, 498 p. ; 22 cm
500 _aIncludes bibliographical references (p. [427]-449) and indexes
650 _aBible. N.T. - Theology
700 _aHurst, L. D
990 _a083c7695ac10000c585e6fb9fe74d425
991 _a75339
999 _c382418
_d382418